000 03082nam a22002177a 4500
008 250311b |||||||| |||| 00| 0 eng d
020 _a9791035821883
040 _ctbs
041 _aspa
_afre
050 _aPQ6623 .A77
_bC37 2020
100 _aMartín Gaite, Carmen
_924878
_eauthor
245 _aCaperucita en Manhattan
_c/ Carmen Martín Gaite.
260 _aMadrid : Ediciones Siruela, 2020.
300 _a286 pages : illustrations (black and white) ; 22 cm.
490 _aNo tan clásicos
505 _aPlongez dans la version originale et intégrale d'un grand classique ! Avec la collection No tan Clásicos, lire en espagnol devient un vrai plaisir grâce à : des notes de vocabulaire en marge (en français et en espagnol) — les expressions et mots les plus fréquents utilisés dans l'oeuvre, pour enrichir son vocabulaire et en faciliter la mémorisation — un dossier complet pour comprendre l'oeuvre, ses personnages, ses grands thèmes et son contexte — des quiz pour mémoriser l'essentiel, de façon ludique et active — des activités corrigées, contextualisées, pour réviser le vocabulaire et la grammaire — des vidéos pour s'entraîner à la compréhension orale.
520 _aIl était une fois Sara, petite fille de Brooklyn, qui rêvait d'aller seule à Manhattan rendre visite à sa grand-mère. Munie du plan de la ville, d'une grande imagination et d'une tarte aux fraises, Sara se lance un beau jour à l'aventure. Elle croise en chemin une drôle de dame ainsi qu'un loup pas comme les autres. Avec ce Chaperon rouge aussi tendre que contemporain, vivez une quête d'émancipation pleine d'audace et laissez-vous charmer par d'étranges personnages !
520 _aOnce upon a time, there was Sara, a little girl from Brooklyn who dreamed of going to Manhattan alone to visit her grandmother. Armed with a city map, a vivid imagination, and a strawberry pie, Sara one day sets off on her adventure. Along the way, she encounters a peculiar lady and a wolf unlike any other. With this Little Red Riding Hood as tender as it is contemporary, embark on a bold journey of emancipation and let yourself be charmed by strange and enchanting characters!
520 _aCaperucita es un clásico de la literatura sobre la iniciación a la vida adulta, sobre los peligros a los que tenemos que hacer frente y la exigencia de hacerlo en libertad y soledad. Carmen Martín Gaite nos recrea magistralmente esta historia y la adapta a la sociedad en la que vivimos, con una Caperucita que es una niña de hoy y que se mueve en un bosque muy diferente (Manhattan), aunque también se encontrará con los personajes del famoso cuento, aquí completamente diferentes: miss Lunatic, mister Wolf, etc. Al leer Caperucita en Manhattan Siruela, 1990), uno de los grandes éxitos de la literatura juvenil, se nos proporciona la ocasión de reflexionar sobre nuestro propio mundo, sobre la manera en que nosotros intentamos cada día ser diferentes y sobre cómo ser nosotros mismos en la sociedad en que nos ha tocado vivir.
942 _2lcc
999 _c4525
_d4525